| 000 | 00720nam a2200205 i 4500 | ||
|---|---|---|---|
| 001 | 105407 | ||
| 003 | ES-MaACL | ||
| 005 | 20230906183856.0 | ||
| 007 | t| | ||
| 008 | 060707s1961 xxu ||||1| eng d | ||
| 080 | _a330.85(460)"1936/39" | ||
| 080 | _a94(460)"1936/39" | ||
| 100 | 1 |
_aBolloten, Burnett. _929995 |
|
| 245 | 1 | 4 |
_aThe grand camouflage _b: the communist conspiracy in the Spanish Civil War / _cby Burnett Bolloten. |
| 260 |
_aNew York : _bFrederick A. Praeger, _c[1961] |
||
| 300 |
_a350 p., [8] p. de lám. ; _c23 cm. |
||
| 650 | 1 | 4 |
_aComunismo- _zEspaña- _y1931-1939. _911218 |
| 651 | 4 |
_aEspaña- _xHistoria- _y1936-1939, Guerra civil. _98292 |
|
| 852 |
_aES-MaACL _jAND-202 _z- Biblioteca Juan Andrade |
||
| 999 |
_c105407 _d105407 |
||